| 000 | 00492nam a2200193Ia 4500 | ||
|---|---|---|---|
| 003 | GCL | ||
| 008 | 140319s9999 xx 000 0 eng d | ||
| 040 |
_aGCL / _cGCL |
||
| 082 | 0 | 4 |
_aCC _b932 _bD E |
| 100 | 1 | _aFRIEDMAN, RENE'E F. | |
| 245 | 1 | 0 |
_aEGYPT / _cFRIEDMAN, RENE'E F. |
| 700 | 1 | _aDAVIS, VIVAN | |
| 260 |
_a[S.N] : _bBRITISH MUSEUM PRESS ، _c1988 |
||
| 300 | _a224 P | ||
| 650 | 0 | 4 | _aHISTORY |
| 650 | 0 | 4 | _aEGYPT - CIVILIZATION |
| 650 | 0 | 4 | _aEGYPT - ANTIQUITIES |
| 942 |
_2ddc _cBK |
||
| 999 |
_c16470 _d16470 |
||